[Event "Dundee & Angus Major"]
[Site "Dundee"]
[Date "2016.10.09"]
[Round "4"]
[White "Shafi, Paul"]
[Black "Dawson, Euan"]
[Result "0-1"]
[WhiteElo "1657"]
[BlackElo "1599"]
[PlyCount "95"]
[EventDate "2016.10.07"]
[EventType "swiss"]
[EventRounds "5"]
[EventCountry "SCO"]
[SourceTitle "EXT 2023"]
[Source "ChessBase"]
[SourceDate "2022.10.05"]
[SourceVersion "1"]
[SourceVersionDate "2022.10.05"]
[SourceQuality "1"]

1. d4 d5 2. Nf3 Nf6 3. e3 Bg4 4. Be2 c5 5. b3 e6 6. 0-0 Nbd7 7. Bb2 Bd6 8. Nbd2 0-0 9. Ne5 Bf5 10. f4 cxd4 11. exd4 Rc8 12. Bd3 Bxd3 13. cxd3 Qb6 14. Ndf3 a5 15. g4 Bxe5 16. Nxe5 Nxe5 17. fxe5 Nd7 18. Qe2 Nb8 19. Qf2 Nc6 20. Rac1 Rc7 21. Rc5 Qa6 22. Qf3 Rfc8 23. a3 Qa7 24. Qf2 Qb6 25. Rc3 Qa7 26. Kg2 b6 27. Rfc1 Ne7 28. Qd2 Qb7 29. Rxc7 Rxc7 30. Rxc7 Qxc7 31. Qc1 Qxc1 32. Bxc1 Nc6 33. Bb2 h6 34. Kf3 Kh7 35. h4 Kg6 36. Bc3 b5 37. b4 axb4 38. axb4 h5 39. g5 Kf5 40. Kg3 Ne7 41. Bd2 Kg6 42. Kh3 Nf5 43. Bc3 Ne3 44. Bd2 Nc2 45. Bc3 Kf5 46. Kg3 Ne3 47. Kf3 Ng4 48. Bb2 0-1

[Event "Dundee & Angus Major"]
[Site "Dundee"]
[Date "2016.10.08"]
[Round "3"]
[White "Noble, Raymond"]
[Black "Shafi, Paul"]
[Result "1/2-1/2"]
[WhiteElo "1448"]
[BlackElo "1657"]
[PlyCount "94"]
[EventDate "2016.10.07"]
[EventType "swiss"]
[EventRounds "5"]
[EventCountry "SCO"]
[SourceTitle "EXT 2023"]
[Source "ChessBase"]
[SourceDate "2022.10.05"]
[SourceVersion "1"]
[SourceVersionDate "2022.10.05"]
[SourceQuality "1"]

1. e4 d5 2. exd5 Qxd5 3. Nc3 Qd8 4. Nf3 Nf6 5. d4 Bg4 6. Bf4 e6 7. Be2 Bd6 8. Ne5 Bxe2 9. Qxe2 0-0 10. 0-0-0 Qe7 11. g4 Nbd7 12. Bg5 Qe8 13. f4 Bb4 14. Ne4 Nxe4 15. Qxe4 Nxe5 16. fxe5 Be7 17. h4 c6 18. Bxe7 Qxe7 19. g5 Rad8 20. Rdg1 c5 21. dxc5 Qxc5 22. Rd1 Qa5 23. a3 Qc7 24. h5 b6 25. g6 fxg6 26. hxg6 h6 27. Rdg1 Rf5 28. Rd1 Rff8 29. Rdf1 Qe7 30. Rxf8+ Rxf8 31. Rd1 Rd8 32. Rxd8+ Qxd8 33. Qg2 Qg5+ 34. Qxg5 hxg5 35. Kd2 Kf8 36. c4 Ke7 37. b4 Kd7 38. Ke3 Kc6 39. Kf3 a5 40. Kg4 b5 41. c5 axb4 42. axb4 Kd5 43. Kxg5 Kc6 44. Kg4 Kd5 45. Kf4 Kc6 46. Ke3 Kd5 47. Kd3 Kc6 1/2-1/2

[Event "Dundee & Angus op Challengers"]
[Site "Dundee"]
[Date "2014.10.10"]
[Round "1"]
[White "Shafi, Paul"]
[Black "MacQueen, Andrew"]
[Result "1/2-1/2"]
[WhiteElo "1606"]
[BlackElo "1761"]
[PlyCount "61"]
[EventDate "2014.10.10"]
[EventType "swiss"]
[EventRounds "5"]
[EventCountry "SCO"]
[SourceTitle "EXT 2017"]
[Source "ChessBase"]
[SourceDate "2016.10.25"]
[SourceVersion "1"]
[SourceVersionDate "2016.10.25"]
[SourceQuality "1"]

1. d4 g6 2. e3 Bg7 3. Bd3 Nf6 4. f4 b6 5. Nf3 Bb7 6. 0-0 0-0 7. Nbd2 d6 8. c3 Nbd7 9. Qe1 Rc8 10. Qh4 e6 11. e4 d5 12. e5 Ne4 13. Qxd8 Rfxd8 14. Bxe4 dxe4 15. Ng5 e3 16. Nb3 h6 17. Nf3 e2 18. Re1 Ba6 19. Be3 c5 20. Nc1 cxd4 21. Nxd4 Nc5 22. Ndxe2 Na4 23. Rb1 Bb7 24. Ng3 h5 25. Bd4 Bh6 26. Ne4 Bxf4 27. Nd6 Rc7 28. Nd3 Bh6 29. Nb5 Rcd7 30. Nd6 Bf8 31. Nxb7 1/2-1/2

[Event "Dundee & Angus Congress Major"]
[Site "Dundee"]
[Date "2011.10.15"]
[Round "2"]
[White "Emery, Keith"]
[Black "Shafi, Paul"]
[Result "1-0"]
[WhiteElo "1704"]
[BlackElo "1558"]
[PlyCount "83"]
[EventDate "2011.10.14"]
[EventType "swiss"]
[EventRounds "5"]
[EventCountry "SCO"]
[SourceTitle "EXT 2023"]
[Source "ChessBase"]
[SourceDate "2022.10.05"]
[SourceVersion "1"]
[SourceVersionDate "2022.10.05"]
[SourceQuality "1"]

1. e4 c5 2. Nf3 g6 3. Nc3 Bg7 4. b3 d6 5. Bb5+ Bd7 6. Bxd7+ Nxd7 7. Bb2 Ngf6 8. Qe2 0-0 9. 0-0 a6 10. Rab1 b5 11. a4 b4 12. Nd1 Qc7 13. e5 dxe5 14. Nxe5 Nxe5 15. Qxe5 Qxe5 16. Bxe5 Ne4 17. Bf4 Rfd8 18. d3 Nc3 19. Nxc3 Bxc3 20. Rbd1 e6 21. Bd2 Bxd2 22. Rxd2 a5 23. Re1 Rd5 24. Rde2 Rad8 25. f4 Kg7 26. Re5 Rxe5 27. Rxe5 Rd5 28. Kf2 Kf6 29. Re4 h5 30. Ke3 Kf5 31. g3 Kf6 32. d4 Kf5 33. Re5+ Rxe5+ 34. fxe5 cxd4+ 35. Kxd4 Kg4 36. c4 bxc3 37. Kxc3 Kf5 38. Kd4 f6 39. exf6 e5+ 40. Kc4 Kxf6 41. b4 e4 42. bxa5 1-0